El Museo del Oro: sus mejores piezas

Guardat en:
Dades bibliogràfiques
Format: Llibre
Idioma:espanyol
anglès
Publicat: Bogotá Colina 2000
Matèries:
Etiquetes: Afegir etiqueta
Sense etiquetes, Sigues el primer a etiquetar aquest registre!

MARC

LEADER 00000nam a2200000 a 4500
001 UCL0925
003 CL-VaPUC
008 030825e20000000CK |||||||||||||||||spa|d
041 0 7 |a spa  |2 CL-VaPUC 
041 0 7 |a eng  |2 CL-VaPUC 
082 0 4 |a 708.986  |b MUS  |2 21 
245 1 3 |a El Museo del Oro: sus mejores piezas 
246 1 4 |a The Gold Museum: masterworks 
300 |a 100 p 
942 |c BK 
945 |d 20030825 00:00:00  |a cmena 
260 |a Bogotá  |b Colina  |c 2000 
650 0 |a Museos  |9 269209 
650 0 |a Catálogos  |9 256258 
650 7 |a COLECCIONES  |2 CL-VaPUC  |9 266014 
651 0 |a Colombia  |9 256424 
583 |a last modification  |c 20030825 00:00:00  |k Rodrigo Vera 
999 |c 304650  |d 304648 
952 |0 0  |1 0  |4 0  |6 708_986000000000000_MUS_2000  |7 0  |8 A  |9 367286  |a BIBARQ  |b BIBARQ  |d 2019-11-21  |i 3929418  |o 708.986 MUS 2000  |p 3929418  |r 2025-01-20  |w 2019-11-21  |y BK  |k ARQ